| 000 | 01275nam0a2200313 i 4500 | ||
|---|---|---|---|
| 001 | RU\NLR\BIBL_A\011310795 | ||
| 005 | 20240726231614.0 | ||
| 010 |
_a9785389117723 _94000 |
||
| 021 |
_aRU _b2016-99661 _96632 |
||
| 035 | _a(NLR Aleph) 011310795 | ||
| 090 |
_a11020586 _c11020586 |
||
| 100 | _a20170117d2016 em y0rusy50 ca | ||
| 101 | 1 |
_arus _ceng |
|
| 102 | _aRU | ||
| 105 | _aa|||z|||001zy | ||
| 200 | 1 |
_aКнига знаний в вопросах и ответах _e[динозавры, древний мир, изобретения, звезды и планеты _eдля старшего школьного возраста _fавт. текста: Уэнди Мадгуик, Робин Керрод _gпер. с англ.: Мария Диденко и др.] |
|
| 210 |
_aМосква [и др.] _cМахаон [и др.] _d2016 |
||
| 215 |
_a160 с. _cцв. ил. _d28 |
||
| 300 | _aАвт. указаны на обороте тит. л. | ||
| 320 | _aУказ.: с. 158-160 | ||
| 333 | _a6+ | ||
| 686 | 3 |
_aШ9 _bЯ20 |
|
| 700 | 1 |
_aМадгуик _bУ. _gУэнди |
|
| 701 | 1 |
_aКеррод _bР. _gРобин |
|
| 942 | _cBOOK | ||
| 980 | _aNBR | ||